000 00346nam a2200133Ia 4500
008 150202s9999 xx 000 0 und d
020 _a055327807X
050 _aFIC
_bFIC
100 _aMartel, John.
245 _aPartners /
_cJohn Martel.
260 _aNew York :
_bBantam Books,
_c1988.
300 _a426 pages :
_c18 cm.
650 _aFiction.
999 _c282234
_d282234